000 00964nam a22002417a 4500
003 KOHA_MİRAKIL
005 20260414072225.0
008 260414b tu ||||| |||| 00| 0 tur d
040 _aTR-AnABB
_btur
_cTR-AnABB
041 _atur
082 _a306.09561
_bERO
100 1 _aEroz, Mehmet
_91476
245 1 0 _aDoğu Anadolu hakkında /
_cMehmet Eröz
260 _aAnkara :
_b[yayl. y.] ,
_c[t.y.]
300 _a67 sayfa ;
_c18 cm
500 _aProf. Dr. Ruşen Keleş tarafından kitap içerisinde satır altı çizimleri ve vurgular mevcuttur.
505 _aİçindekiler: Doğu Anadolu Halkı - Karakeçililer - Karakeçililer'de Maddi Kültür - Ziya Gökalp'ın Karakeçililer Hakkında Fikirleri - Güneydoğu Zazaları - Kürtçe diye bir dil yoktur
650 0 4 _aSosyal yaşam ve gelenekler, Türkiye
_93385
650 0 4 _aSosyal yaşam ve gelenekler
_93386
650 0 4 _aEtnoloji
_93387
900 _bCan ÇELIK
942 _2ddc
_cBK
999 _c10207
_d10207